Statistics for Top Ten Non-English Languages of Washington D.C.

Click here to take the quiz!

General Stats

  • This quiz has been taken 64 times
  • The average score is 7 of 10

Answer Stats

Percentage Answer % Correct
9.2%Spanish
100%
1.7%French
97%
0.4%Arabic
92%
0.5%German
88%
0.5%Chinese
85%
0.2%Russian
81%
0.3%Italian
75%
0.3%Vietnamese
66%
0.3%Tagalog
56%
1%African Languages
3%

Score Distribution

Percentile by Number Answered

Percent of People with Each Score

Your Score History

You have not taken this quiz